Chromosome hierarchy; An introduction to the biology of the chromosome (Record no. 24087)

MARC details
000 -LEADER
fixed length control field 00411nam a2200145Ia 4500
082 ## - DEWEY DECIMAL CLASSIFICATION NUMBER
Classification number 576.316
Item number JOH
100 ## - MAIN ENTRY--AUTHOR NAME
Personal name JOHN, Bernard
245 #0 - TITLE STATEMENT
Title Chromosome hierarchy; An introduction to the biology of the chromosome
260 ## - PUBLICATION, DISTRIBUTION, ETC. (IMPRINT)
Place of publication Oxford
Name of publisher Clarendon
Year of publication 1975
650 ## - SUBJECT ADDED ENTRY--TOPICAL TERM
Topical Term Chromosome
650 ## - SUBJECT ADDED ENTRY--TOPICAL TERM
Topical Term Chromosome hierarchy
700 ## - ADDED ENTRY--PERSONAL NAME
Personal name LEWIS, Kenneth R
942 ## - ADDED ENTRY ELEMENTS (KOHA)
Koha item type Books
Holdings
Withdrawn status Lost status Damaged status Not for loan Home library Current library Date acquired Full call number Accession Number Koha item type
        RRII Library RRII Library 16/12/2021 576.316 JOH 04774 Books